Anthropology : (Record no. 76385)

MARC details
000 -LEADER
fixed length control field 00597nam a22001937a 4500
005 - DATE AND TIME OF LATEST TRANSACTION
control field 20130614120633.0
010 ## - LCCN (DPL NO)
LC control number ENG-107455
020 ## - INTERNATIONAL STANDARD BOOK NUMBER
International Standard Book Number 9789381499023
Terms of availability 795.00
035 ## - SYSTEM CONTROL NUMBER
System control number EN-90988
037 ## - SOURCE OF ACQUISITION
Source of stock number/acquisition DBAD/PUB
082 ## - DEWEY DECIMAL CLASSIFICATION NUMBER
Classification number 572
100 ## - MAIN ENTRY--PERSONAL NAME
Personal name Sharma, S.K.
245 ## - TITLE STATEMENT
Title Anthropology :
Statement of responsibility, etc by S.K.Sharma
Remainder of title development and modern challenges /
260 ## - PUBLICATION, DISTRIBUTION, ETC. (IMPRINT)
Place of publication, distribution, etc New Delhi
Name of publisher, distributor, etc Shakti Publishers and Distributors
Date of publication, distribution, etc 2011
270 ## - ADDRESS
Address H-12, Jagat Puri,
City Delhi
Postal code 110051
300 ## - PHYSICAL DESCRIPTION
Extent 264p.
Dimensions 22cm(Hb)
500 ## - GENERAL NOTE
General note Includes bibliographical references and index
942 ## - ADDED ENTRY ELEMENTS (KOHA)
Source of classification or shelving scheme Dewey Decimal Classification
Item type English Books
Call number suffix SHA
Classification part 572
Holdings
Withdrawn status Lost status Not for loan Collection code Home library Current library Date acquired Source of acquisition Cost, normal purchase price Full call number Barcode Copy number Cost, replacement price Koha item type
    Not For Loan Non-fiction D.B.Act.Division D.B.Act.Division 31/05/2013 DBAD / PUB 795.00 572 SHA EN-90988 1 795.00 English Books

© Delhi Public Library
Hit Counter
free hit counter